Business Analytics (Record no. 13931)

MARC details
000 -LEADER
fixed length control field 00468nam a22001937a 4500
003 - CONTROL NUMBER IDENTIFIER
control field OSt
008 - FIXED-LENGTH DATA ELEMENTS--GENERAL INFORMATION
fixed length control field 260430b |||||||| |||| 00| 0 eng d
020 ## - INTERNATIONAL STANDARD BOOK NUMBER
International Standard Book Number 9789365575576
082 ## - DEWEY DECIMAL CLASSIFICATION NUMBER
Classification number 658.403 ACB
100 ## - MAIN ENTRY--PERSONAL NAME
Personal name ACHARYA,Debidutta
245 ## - TITLE STATEMENT
Title Business Analytics
250 ## - EDITION STATEMENT
Edition statement 1st Ed
260 ## - PUBLICATION, DISTRIBUTION, ETC. (IMPRINT)
Place of publication, distribution, etc Mumbai
Name of publisher, distributor, etc Himalaya Publishing House
Date of publication, distribution, etc 2025
300 ## - PHYSICAL DESCRIPTION
Extent 195p.
700 ## - ADDED ENTRY--PERSONAL NAME
Personal name NANDA,Amitabh
700 ## - ADDED ENTRY--PERSONAL NAME
Personal name NAYAK,Trilochan
942 ## - ADDED ENTRY ELEMENTS (KOHA)
Source of classification or shelving scheme Dewey Decimal Classification
Koha item type Reference Books
Holdings
Withdrawn status Lost status Source of classification or shelving scheme Damaged status Not for loan Collection code Home library Current library Date acquired Source of acquisition Currency Cost, normal purchase price Bill Number Total Checkouts Full call number Acc. no. / Barcode Date last seen Actual Cost, discounted price Bill Date Koha item type
    Dewey Decimal Classification     BBA(Business Analytics) PIET C-LIBRARY PIET C-LIBRARY 22/04/2026 Zaffa Books INR 325.00 ZBD2026-27-0024   658.403 ACB 40011 30/04/2026 235.63 22/04/2026 Reference Books

Design & Developed by: PIET Central Library
R70 Miles Stone Pattikalyana Samalkha Panipat 132102
mail ID :- [email protected], Phone No:- 0180-2569700 Ex.216